Proceedings of the 6th International Conference on European Integration 2022 Collection

Saved in:
Bibliographic Details
Corporate Author: Proceedings of the 6th International Conference on European Integration 2022
Other Authors: Staníčková, Michaela, Melecký, Lukáš, Borowicz, Aleksandra, Dvoroková, Kateřina
Format: Book
Language:English
Published: Ostrava VŠB - Technical University of Ostrava 2022
Edition:1st Edition
Subjects:
Tags: Add Tag
No Tags, Be the first to tag this record!

MARC

LEADER 00000nam a2200000 4500
001 0283952
005 20240822101719.1
020 |a 978-80-248-4604-0 
020 |a 978-80-248-4605-7 
022 |a 2571-029X (print) 
022 |a 2788-095 (on-line) 
041 0 |a eng 
044 |a CZ 
245 1 0 |a Proceedings of the 6th International Conference on European Integration 2022  |b Collection  |c Editors: Michaela Staníčková, Lukáš Melecký 
250 |a 1st Edition 
264 1 |a Ostrava  |b VŠB - Technical University of Ostrava  |c 2022 
300 |a 816 s. 
610 2 0 |a integrácia ekonomická medzinárodná 
610 2 0 |a spolupráca hospodárska medzinárodná 
610 2 0 |a vzťahy hospodárske medzinárodné 
700 1 |a Staníčková, Michaela 
700 1 |a Melecký, Lukáš 
700 1 |a Borowicz, Aleksandra 
700 1 |a Dvoroková, Kateřina 
110 2 |a Proceedings of the 6th International Conference on European Integration 2022